000 00441nam a2200181Ia 4500
001 10612
005 20260306161845.0
008 260306t1964||||xx |||||||||||||| ||spa||
041 _aESP
082 _a944.05
_bB17
100 _aBaldet, Marcel
_eAUT
245 0 _aLa vie quotidienne dans les armées de Napoléon
260 _c1964
300 _a315 páginas :
_c20 cm.
650 _aGEN
654 _aCHU
942 _cLIB
_dJUS
_fJUS
_2ddc
_n
999 _c10612
_d10612